[Event "Karnevalsopen"]
[Site "Solingen"]
[Date "2010.02.14"]
[Round "4"]
[White "Porstmann, Jan"]
[Black "Rosenauer, Horst"]
[Result "1/2-1/2"]
[WhiteElo "1562"]
[BlackElo "1789"]
[PlyCount "124"]
[EventDate "2010.02.14"]
[EventType "swiss"]
[EventRounds "5"]
[EventCountry "GER"]

1. e4 c6 2. d4 d5 3. Nc3 dxe4 4. Nxe4 Bf5 5. Nc5 e5 6. Nb3 exd4 7. Nxd4 Bg6 8.
Ngf3 Nd7 9. Be3 Bc5 10. h4 Ngf6 11. Bd3 Qb6 12. Qc1 O-O-O 13. O-O Nd5 14. a3
Nxe3 15. fxe3 Qc7 16. b4 Be7 17. Nf5 Bf6 18. Rb1 Rhe8 19. e4 Ne5 20. Nxe5 Bxe5
21. b5 c5 22. Kh1 Re6 23. Bc4 Rf6 24. g4 Bxf5 25. Rxf5 Rh6 26. h5 f6 27. Be6+
Kb8 28. Bd5 Qa5 29. Qe3 Bd6 30. e5 fxe5 31. Rf7 Bc7 32. Qxc5 Rhd6 33. c4 R6d7
34. Rxd7 Rxd7 35. Bxb7 Kxb7 36. Qc6+ Kc8 37. Qa8+ Bb8 38. Qc6+ Qc7 39. Qxc7+
Rxc7 40. Rc1 Rc5 41. Rc2 Kd7 42. Kg2 e4 43. Kf2 Bf4 44. a4 Kc7 45. a5 Kb7 46.
Ke2 e3 47. Kd3 Re5 48. Ke2 Re7 49. c5 h6 50. Rc4 Bc7 51. b6 axb6 52. axb6 Bb8
53. Rc3 Kc6 54. Rxe3 Rxe3+ 55. Kxe3 Kxc5 56. b7 Kd5 57. Kf3 Kd4 58. g5 hxg5 59.
Kg4 Bf4 60. b8=Q Bxb8 61. Kxg5 Ke4 62. Kg6 Be5 1/2-1/2

[Event "Karnevalsopen"]
[Site "Solingen"]
[Date "2010.02.14"]
[Round "4"]
[White "Granz, Thomas"]
[Black "Shishkov, Mark"]
[Result "1-0"]
[WhiteElo "1735"]
[BlackElo "1160"]
[PlyCount "67"]
[EventDate "2010.02.14"]
[EventType "swiss"]
[EventRounds "5"]
[EventCountry "GER"]

1. e4 e6 2. Nf3 d5 3. exd5 exd5 4. d4 c5 5. Be3 Qb6 6. b3 Nf6 7. Bd3 Nc6 8. O-O
Bd7 9. Re1 O-O-O 10. c3 h6 11. a4 a5 12. Na3 Be7 13. Nb5 Na7 14. c4 dxc4 15.
bxc4 Bg4 16. d5 Nxb5 17. axb5 Qc7 18. h3 Bxf3 19. Qxf3 Bd6 20. Bd2 b6 21. Bc3
Be7 22. Be5 Qb7 23. Bf5+ Nd7 24. Bxg7 Rhg8 25. Bxh6 Bf6 26. Bxd7+ Qxd7 27. Qxf6
Qxh3 28. Qc6+ Kb8 29. Bf4+ Ka7 30. Re7+ Rd7 31. Rxd7+ Qxd7 32. Qxd7+ Ka8 33.
Qc6+ Ka7 34. Qc7+ 1-0

[Event "Karnevalsopen"]
[Site "Solingen"]
[Date "2010.02.14"]
[Round "4"]
[White "Bashylin, Seva"]
[Black "Ramakers, Andre"]
[Result "1/2-1/2"]
[WhiteElo "1704"]
[BlackElo "1353"]
[PlyCount "51"]
[EventDate "2010.02.14"]
[EventType "swiss"]
[EventRounds "5"]
[EventCountry "GER"]

1. d4 Nf6 2. Nf3 d5 3. c3 Bg4 4. Bg5 e6 5. Nbd2 h6 6. Bh4 Be7 7. e3 O-O 8. Bd3
Nbd7 9. O-O e5 10. dxe5 Nxe5 11. Be2 Ne4 12. Nxe5 Bxe2 13. Bxe7 Qxe7 14. Ng6
Qf6 15. Nxe4 dxe4 16. Qxe2 Qxg6 17. Rfd1 Rad8 18. Rd2 Rd3 19. Rxd3 exd3 20. Qf3
d2 21. Qxb7 Rd8 22. Qb3 Qd3 23. Qd1 Qb5 24. b3 Qd3 25. c4 Qc3 26. Rb1 1/2-1/2

[Event "Karnevalsopen"]
[Site "Solingen"]
[Date "2010.02.14"]
[Round "4"]
[White "Pitz, Marco"]
[Black "Sadlowski, Ruben"]
[Result "1-0"]
[WhiteElo "1697"]
[BlackElo "829"]
[PlyCount "55"]
[EventDate "2010.02.14"]
[EventType "swiss"]
[EventRounds "5"]
[EventCountry "GER"]

1. d4 d5 2. c4 c6 3. Nf3 Nf6 4. e3 e6 5. a3 a6 6. Bd3 b5 7. c5 Nbd7 8. O-O Be7
9. Bc2 O-O 10. Qd3 g6 11. Ne5 Nxe5 12. dxe5 Ng4 13. Qd4 Nh6 14. e4 Kg7 15. Rd1
Bb7 16. b4 Ng4 17. exd5 Bg5 18. Qxg4 Bxc1 19. dxc6 Qg5 20. Qxg5 Bxg5 21. cxb7
Rad8 22. c6 Rb8 23. Be4 Rfd8 24. Nc3 Rxd1+ 25. Rxd1 Rxb7 26. cxb7 h5 27. b8=Q
Kh6 28. Qh8# 1-0

[Event "Karnevalsopen"]
[Site "Solingen"]
[Date "2010.02.14"]
[Round "4"]
[White "Rieger, Isabelle"]
[Black "Bosbach, Jens"]
[Result "0-1"]
[WhiteElo "1426"]
[BlackElo "1813"]
[PlyCount "64"]
[EventDate "2010.02.14"]
[EventType "swiss"]
[EventRounds "5"]
[EventCountry "GER"]

1. d4 Nf6 2. Nf3 b6 3. g3 Bb7 4. Bg2 e6 5. O-O Be7 6. c4 O-O 7. Nc3 d6 8. Re1
Ne4 9. Qc2 Nxc3 10. Qxc3 f5 11. Ng5 Bxg2 12. Nxe6 Qc8 13. Nxf8 Bb7 14. Nxh7
Kxh7 15. d5 Na6 16. e4 Bf6 17. Qf3 fxe4 18. Qxe4+ Kh8 19. Qe6 Qxe6 20. Rxe6 Nc5
21. Re2 Ba6 22. Rc2 Re8 23. Rb1 Re1+ 24. Kg2 Bc8 25. Rd2 Bf5 26. Ra1 a5 27. h3
Bg5 28. f4 Bf6 29. g4 Be4+ 30. Kf2 Rh1 31. Ke2 g5 32. f5 Be5 0-1

[Event "Karnevalsopen"]
[Site "Solingen"]
[Date "2010.02.14"]
[Round "4"]
[White "Wastian, Jan"]
[Black "Wastian, Hans-Georg"]
[Result "1-0"]
[WhiteElo "1391"]
[BlackElo "1702"]
[PlyCount "67"]
[EventDate "2010.02.14"]
[EventType "swiss"]
[EventRounds "5"]
[EventCountry "GER"]

1. e4 c6 2. d4 d5 3. Nc3 dxe4 4. Nxe4 Bf5 5. Ng3 Bg6 6. N1e2 h6 7. Nf4 Bh7 8.
Bc4 Nf6 9. Qe2 e6 10. Bxe6 fxe6 11. Nxe6 Qe7 12. Nc7+ Kf7 13. Qxe7+ Bxe7 14.
Nxa8 Bd6 15. c4 Nbd7 16. c5 Re8+ 17. Be3 Bxg3 18. hxg3 Rxa8 19. O-O g5 20. f4
g4 21. f5 h5 22. Rad1 b6 23. cxb6 Nxb6 24. Rc1 Rc8 25. b4 Nbd5 26. Bd2 Bg8 27.
b5 Ne4 28. Ba5 c5 29. dxc5 Nxg3 30. Rfe1 Kf6 31. c6 Nb6 32. c7 Kxf5 33. Rc5+
Kf4 34. Bd2# 1-0

[Event "Karnevalsopen"]
[Site "Solingen"]
[Date "2010.02.14"]
[Round "4"]
[White "Fränzel, Marius"]
[Black "Niemeyer, Maximilian"]
[Result "1-0"]
[WhiteElo "1694"]
[BlackElo "758"]
[PlyCount "67"]
[EventDate "2010.02.14"]
[EventType "swiss"]
[EventRounds "5"]
[EventCountry "GER"]

1. e4 c5 2. c3 e5 3. Nf3 Nc6 4. d4 cxd4 5. cxd4 exd4 6. Nxd4 Bc5 7. Nb3 Bb4+ 8.
Nc3 Qf6 9. Bd2 Na5 10. Nxa5 Bxa5 11. Be2 Bc7 12. Qc2 Ne7 13. O-O g5 14. Nb5 Be5
15. Bc3 Rg8 16. Nc7+ Kf8 17. Bxe5 Qxe5 18. Nxa8 Rg6 19. Qc7 Qxb2 20. Bg4 Rc6
21. Qd8+ Kg7 22. Qxe7 b6 23. Bxd7 Ba6 24. Bxc6 Bxf1 25. Rxf1 Qxa2 26. Bd5 Qb2
27. Qxf7+ Kh6 28. Nc7 Qg7 29. Qe6+ Qg6 30. Qh3+ Qh5 31. Qa3 a5 32. Qf8+ Kg6 33.
Ne8 Qh6 34. Bf7# 1-0

[Event "Karnevalsopen"]
[Site "Solingen"]
[Date "2010.02.14"]
[Round "4"]
[White "Klinkenberg, Frank"]
[Black "Tanz, Manfred"]
[Result "0-1"]
[WhiteElo "1279"]
[BlackElo "1383"]
[PlyCount "96"]
[EventDate "2010.02.14"]
[EventType "swiss"]
[EventRounds "5"]
[EventCountry "GER"]

1. e4 c5 2. Bc4 Nc6 3. Nf3 e6 4. c3 g6 5. d4 cxd4 6. cxd4 d5 7. exd5 exd5 8.
Bb5 Bg7 9. O-O Nf6 10. Re1+ Be6 11. Ne5 Rc8 12. Bg5 O-O 13. Nc3 a6 14. Ba4 b5
15. Bc2 Qb6 16. Be3 Nd7 17. Nxd7 Bxd7 18. Nxd5 Qd8 19. Nf4 Ne7 20. Rc1 Bc6 21.
Bb3 Rc7 22. Bc2 Qd6 23. Ne2 Qd7 24. b4 Nd5 25. Bd2 Rd8 26. a3 Rcc8 27. Bg5 Nf6
28. Bb3 Qg4 29. Bxf7+ Kxf7 30. Qb3+ Bd5 31. Qg3 Rxc1 32. Bxc1 Rc8 33. Be3 Qd7
34. Qh4 Qg4 35. Qg3 Qxg3 36. Nxg3 Ne4 37. Ne2 Rc2 38. Nf4 Bc4 39. Nh3 h6 40. g3
Nc3 41. Nf4 g5 42. Nh5 Ne2+ 43. Kg2 Bxd4 44. Rf1 Bxe3 45. fxe3+ Nf4+ 46. Kf3
Nxh5 47. Kg4+ Bxf1 48. Kxh5 Rxh2+ 0-1

[Event "Karnevalsopen"]
[Site "Solingen"]
[Date "2010.02.14"]
[Round "5"]
[White "Seger, Rüdiger"]
[Black "Mladenov, Svetlin"]
[Result "1/2-1/2"]
[WhiteElo "2407"]
[BlackElo "2458"]
[PlyCount "54"]
[EventDate "2010.02.14"]
[EventType "swiss"]
[EventRounds "5"]
[EventCountry "GER"]

1. e4 c5 2. c3 Nf6 3. e5 Nd5 4. Nf3 e6 5. d4 cxd4 6. cxd4 d6 7. Bc4 Nb6 8. Bb3
dxe5 9. Nxe5 Nc6 10. Nxc6 bxc6 11. O-O Bd6 12. Nc3 O-O 13. Qh5 Ba6 14. Rd1 Bc4
15. Bxc4 Nxc4 16. Rd3 g6 17. Qh6 f6 18. b3 Nb6 19. Bb2 Qc7 20. g3 Rad8 21. Rc1
Qb7 22. Qe3 Qd7 23. Rc2 Rfe8 24. Qc1 Rc8 25. Ne4 Nd5 26. Ba3 Be7 27. Bxe7 Qxe7
1/2-1/2

[Event "Karnevalsopen"]
[Site "Solingen"]
[Date "2010.02.14"]
[Round "5"]
[White "Menacher, Manfred"]
[Black "Helbig, Mark"]
[Result "1/2-1/2"]
[WhiteElo "2264"]
[BlackElo "2362"]
[PlyCount "71"]
[EventDate "2010.02.14"]
[EventType "swiss"]
[EventRounds "5"]
[EventCountry "GER"]

1. c4 g6 2. g3 Bg7 3. Bg2 Nf6 4. Nc3 O-O 5. e4 d6 6. Nge2 e5 7. O-O Nc6 8. d3
Be6 9. Nd5 Ne8 10. h3 Qd7 11. Kh2 f5 12. f4 Nd4 13. exf5 Nxf5 14. Ne3 c6 15.
Nxf5 gxf5 16. Rb1 Nf6 17. b3 Rae8 18. Be3 a6 19. Qd2 Bf7 20. fxe5 Rxe5 21. Bd4
Re7 22. Rf2 Bg6 23. Rbf1 Rfe8 24. Qb2 Nh5 25. Bxg7 Nxg7 26. Nf4 Ne6 27. Nxe6
Rxe6 28. d4 Re3 29. d5 c5 30. h4 Qe7 31. Rf3 Re2 32. Qa1 Qe5 33. Qxe5 R8xe5 34.
R3f2 Kg7 35. Kg1 Rxf2 36. Kxf2 1/2-1/2

[Event "Karnevalsopen"]
[Site "Solingen"]
[Date "2010.02.14"]
[Round "5"]
[White "Zaitsev, Mikhail"]
[Black "Nagel, Bernhard"]
[Result "1-0"]
[WhiteElo "2500"]
[BlackElo "2264"]
[PlyCount "63"]
[EventDate "2010.02.14"]
[EventType "swiss"]
[EventRounds "5"]
[EventCountry "GER"]

1. e4 e6 2. d4 d5 3. Nc3 Nf6 4. Bg5 Bb4 5. exd5 Qxd5 6. Bxf6 Bxc3+ 7. bxc3 gxf6
8. Qg4 Ke7 9. Bd3 Nc6 10. Ne2 Bd7 11. Be4 Qg5 12. Qg3 Qa5 13. O-O Rag8 14. Qe3
f5 15. Bf3 Qa4 16. d5 Na5 17. Rad1 Nc4 18. Qc5+ Nd6 19. dxe6 Bc6 20. exf7 Kxf7
21. Ng3 Qb5 22. Bh5+ Kf8 23. Qd4 Ke7 24. Rfe1+ Kd7 25. Bf7 Kc8 26. Qxa7 Qa6 27.
Be6+ Bd7 28. Qxa6 bxa6 29. Bxg8 Rxg8 30. f3 Bc6 31. Kf2 f4 32. Ne2 1-0

[Event "Karnevalsopen"]
[Site "Solingen"]
[Date "2010.02.14"]
[Round "5"]
[White "Henrichs, Thomas"]
[Black "Wolter, Kai"]
[Result "1/2-1/2"]
[WhiteElo "2471"]
[BlackElo "2203"]
[PlyCount "47"]
[EventDate "2010.02.14"]
[EventType "swiss"]
[EventRounds "5"]
[EventCountry "GER"]

1. d4 Nf6 2. c4 g6 3. Nc3 Bg7 4. e4 d6 5. Nf3 O-O 6. h3 Na6 7. Bg5 Qe8 8. g4 c5
9. Bg2 Nc7 10. Be3 b5 11. e5 Nd7 12. exd6 exd6 13. cxb5 Rb8 14. a4 a6 15. dxc5
dxc5 16. O-O Ne6 17. Re1 Qd8 18. Qd2 Nb6 19. Qxd8 Rxd8 20. Nd2 axb5 21. axb5
Bb7 22. Bxb7 Rxb7 23. Nb3 Nc4 24. Nxc5 1/2-1/2

[Event "Karnevalsopen"]
[Site "Solingen"]
[Date "2010.02.14"]
[Round "5"]
[White "Harff, Marcel"]
[Black "Wegerle, Jörg"]
[Result "0-1"]
[WhiteElo "2174"]
[BlackElo "2450"]
[PlyCount "96"]
[EventDate "2010.02.14"]
[EventType "swiss"]
[EventRounds "5"]
[EventCountry "GER"]

1. c4 e6 2. Nf3 Nf6 3. g3 d5 4. Bg2 dxc4 5. O-O Nbd7 6. Qc2 a6 7. a4 Rb8 8. Na3
Bxa3 9. bxa3 O-O 10. Rb1 c5 11. Qxc4 Qa5 12. d4 b5 13. axb5 axb5 14. Qa2 Bb7
15. Bd2 Qa4 16. dxc5 Bd5 17. Qb2 Nxc5 18. Qd4 Nb3 19. Qxa4 bxa4 20. Bb4 Rfc8
21. Rb2 h6 22. Nd2 Bxg2 23. Kxg2 Nxd2 24. Rxd2 Nd5 25. Rb1 Rc4 26. Rdb2 f5 27.
Bd6 Rxb2 28. Rxb2 g5 29. Rb8+ Kf7 30. Rf8+ Kg6 31. Ra8 g4 32. Bb4 Re4 33. Rxa4
Rxe2 34. Kf1 Rc2 35. Be1 Kf6 36. Ra8 Ke5 37. Rh8 Ra2 38. Rxh6 Rxa3 39. h3 gxh3
40. Rxh3 Ke4 41. Rh6 e5 42. Rd6 f4 43. gxf4 Nxf4 44. Rd1 Rh3 45. f3+ Kxf3 46.
Bf2 Rh1+ 47. Bg1 Nh3 48. Rd3+ Ke4 0-1

[Event "Karnevalsopen"]
[Site "Solingen"]
[Date "2010.02.14"]
[Round "5"]
[White "Michalczak, Thomas"]
[Black "Klamp, Christoph"]
[Result "1-0"]
[WhiteElo "2363"]
[BlackElo "2129"]
[PlyCount "66"]
[EventDate "2010.02.14"]
[EventType "swiss"]
[EventRounds "5"]
[EventCountry "GER"]

1. e4 c6 2. d4 d5 3. Nc3 dxe4 4. Nxe4 Nf6 5. Nxf6+ gxf6 6. c3 Bf5 7. Ne2 Nd7 8.
Ng3 Bg6 9. h4 h5 10. Be2 Qa5 11. Be3 O-O-O 12. b4 Qc7 13. Bxh5 Bxh5 14. Nxh5 e5
15. Qf3 Be7 16. Kf1 a5 17. a3 Qb6 18. Ng3 Qb5+ 19. Kg1 exd4 20. Bxd4 Ne5 21.
Qf5+ Kb8 22. f4 Rhg8 23. fxe5 Rxg3 24. Qf4 Rdg8 25. exf6+ Ka8 26. Qxg3 Rxg3 27.
fxe7 Rg8 28. Re1 Re8 29. h5 Qg5 30. h6 Rxe7 31. Rxe7 Qxe7 32. Rh3 Qe1+ 33. Kh2
Qh1+ 1-0

[Event "Karnevalsopen"]
[Site "Solingen"]
[Date "2010.02.14"]
[Round "5"]
[White "Biedeköpper, Robert"]
[Black "Görke, Joachim"]
[Result "1-0"]
[WhiteElo "2105"]
[BlackElo "2162"]
[PlyCount "67"]
[EventDate "2010.02.14"]
[EventType "swiss"]
[EventRounds "5"]
[EventCountry "GER"]

1. c4 e6 2. d4 d5 3. Nc3 c5 4. cxd5 exd5 5. Nf3 Nc6 6. g3 Nf6 7. Bg2 Be7 8. O-O
O-O 9. Bg5 c4 10. Ne5 Be6 11. e3 Nd7 12. Bxe7 Nxe7 13. Nxd7 Qxd7 14. Qa4 Rfd8
15. Rfd1 Qxa4 16. Nxa4 Bf5 17. Rd2 b5 18. Nc5 Rab8 19. f3 a5 20. Kf2 Nc6 21.
Bf1 Re8 22. Bg2 Red8 23. Na6 Rbc8 24. Nc5 Nb4 25. Bf1 Re8 26. Rc1 Re7 27. a3
Nc6 28. b3 Rce8 29. bxc4 bxc4 30. e4 dxe4 31. fxe4 Bxe4 32. Nxe4 Rxe4 33. Rxc4
Ne5 34. dxe5 1-0

[Event "Karnevalsopen"]
[Site "Solingen"]
[Date "2010.02.14"]
[Round "5"]
[White "Henrichs, Wenke"]
[Black "Flesch, Stefan"]
[Result "1/2-1/2"]
[WhiteElo "2048"]
[BlackElo "2134"]
[PlyCount "66"]
[EventDate "2010.02.14"]
[EventType "swiss"]
[EventRounds "5"]
[EventCountry "GER"]

1. d4 Nf6 2. c4 d6 3. Nc3 e5 4. d5 Be7 5. e4 O-O 6. Bd3 Ne8 7. Nf3 Nd7 8. Be3
g6 9. h4 f5 10. Bh6 Ng7 11. h5 Nc5 12. hxg6 hxg6 13. Bc2 f4 14. Qe2 Rf7 15.
Bxg7 Rxg7 16. O-O-O Bd7 17. Kb1 a5 18. Rh2 Rh7 19. Rdh1 Rxh2 20. Rxh2 Qf8 21.
Qf1 Qg7 22. Qh1 Rf8 23. Nd2 g5 24. f3 Rf6 25. b3 Bf8 26. a3 Rh6 27. Kb2 Rxh2
28. Qxh2 g4 29. fxg4 Qxg4 30. Nf3 Be7 31. b4 axb4 32. axb4 Na6 33. Kb3 Be8
1/2-1/2

[Event "Karnevalsopen"]
[Site "Solingen"]
[Date "2010.02.14"]
[Round "5"]
[White "Westendorp, Christian"]
[Black "Eulering, Georg"]
[Result "0-1"]
[WhiteElo "1829"]
[BlackElo "2094"]
[PlyCount "42"]
[EventDate "2010.02.14"]
[EventType "swiss"]
[EventRounds "5"]
[EventCountry "GER"]

1. d4 Nf6 2. Nf3 g6 3. c4 Bg7 4. Nc3 O-O 5. e4 d6 6. Be3 Ng4 7. Bf4 c6 8. h3 e5
9. dxe5 Nxe5 10. Nxe5 dxe5 11. Be3 Qe7 12. Qc1 Na6 13. a3 Nc5 14. Qc2 Rd8 15.
b4 Ne6 16. Rd1 Nd4 17. Bxd4 exd4 18. Qd3 Bf5 19. Ne2 Bxe4 20. Qd2 d3 21. Nf4
Bxg2+ 0-1

[Event "Karnevalsopen"]
[Site "Solingen"]
[Date "2010.02.14"]
[Round "5"]
[White "Granz, Thomas"]
[Black "Speck, Stefan"]
[Result "0-1"]
[WhiteElo "1735"]
[BlackElo "2031"]
[PlyCount "56"]
[EventDate "2010.02.14"]
[EventType "swiss"]
[EventRounds "5"]
[EventCountry "GER"]

1. e4 Nf6 2. e5 Nd5 3. d4 d6 4. c4 Nb6 5. exd6 cxd6 6. Be3 g6 7. Nf3 Bg7 8. Be2
O-O 9. Nc3 Bg4 10. h3 Bxf3 11. Bxf3 Nc6 12. O-O Nxc4 13. Qb3 Nxe3 14. fxe3 Rb8
15. Ne4 d5 16. Nc5 e6 17. Bg4 Nxd4 18. Qd3 Nc6 19. Nxe6 fxe6 20. Bxe6+ Kh8 21.
Bxd5 Rxf1+ 22. Rxf1 Nb4 23. Qc4 Nxd5 24. Rd1 Qb6 25. Qxd5 Qxe3+ 26. Kh1 Be5 27.
b3 Qg3 28. Kg1 Rf8 0-1

[Event "Karnevalsopen"]
[Site "Solingen"]
[Date "2010.02.14"]
[Round "5"]
[White "Coenen, Siegfried"]
[Black "Pitz, Marco"]
[Result "1/2-1/2"]
[WhiteElo "2020"]
[BlackElo "1697"]
[PlyCount "153"]
[EventDate "2010.02.14"]
[EventType "swiss"]
[EventRounds "5"]
[EventCountry "GER"]

1. e4 e5 2. Nc3 Bc5 3. Qh5 d6 4. Bc4 Nh6 5. h3 Nd7 6. d4 Nf6 7. Qg5 exd4 8. Nd5
Nxd5 9. Qxd8+ Kxd8 10. Bxd5 Bb4+ 11. Ke2 c6 12. Bb3 Re8 13. Bxh6 gxh6 14. Kd3
d5 15. exd5 Bf5+ 16. Kc4 a5 17. dxc6 Rc8 18. Ba4 Re5 19. Nf3 b5+ 20. Bxb5 Rc5+
21. Kxd4 Rxb5 22. Rad1 Rxc6 23. c4 Rbc5 24. Ke3+ Kc7 25. Nd4 Re5+ 26. Kf4 Rcc5
27. a3 Re4+ 28. Kf3 Rxc4 29. Nxf5 Bxa3 30. Ne3 Bxb2 31. Rb1 Rb4 32. Rxb2 Rxe3+
33. fxe3 Rxb2 34. Ra1 Kb6 35. g3 Kb5 36. Kg4 Kb4 37. Kh5 a4 38. Kxh6 a3 39.
Kxh7 Rg2 40. h4 Rxg3 41. e4 Rg4 42. h5 Rxe4 43. Rf1 a2 44. h6 f5 45. Kg6 f4 46.
h7 Re6+ 47. Kg5 Re5+ 48. Kg6 Re6+ 49. Kf7 Rh6 50. Rxf4+ Kc3 51. Kg7 Rxh7+ 52.
Kxh7 a1=Q 53. Kg6 Kd3 54. Kf5 Qa5+ 55. Kg4 Qd5 56. Kg3 Ke3 57. Rg4 Qf3+ 58. Kh4
Qf6+ 59. Kh3 Qf5 60. Kg3 Qe5+ 61. Kg2 Qb2+ 62. Kh3 Kf3 63. Rg3+ Kf4 64. Rg4+
Kf5 65. Rg3 Qb7 66. Kh2 Kf4 67. Rg2 Qc7 68. Kh1 Kf3 69. Rf2+ Ke3 70. Rg2 Qc6
71. Kg1 Qc1+ 72. Kh2 Kf3 73. Rg3+ Kf4 74. Rg2 Qc7 75. Kh1 Qc6 76. Kh2 Qxg2+ 77.
Kxg2 1/2-1/2

[Event "Karnevalsopen"]
[Site "Solingen"]
[Date "2010.02.14"]
[Round "5"]
[White "Bosbach, Jens"]
[Black "Winkler, Fabian"]
[Result "1/2-1/2"]
[WhiteElo "1813"]
[BlackElo "2002"]
[PlyCount "42"]
[EventDate "2010.02.14"]
[EventType "swiss"]
[EventRounds "5"]
[EventCountry "GER"]

1. d4 Nf6 2. Nf3 e6 3. c4 d5 4. e3 Bb4+ 5. Bd2 Bxd2+ 6. Nbxd2 c5 7. dxc5 Qa5 8.
cxd5 exd5 9. Be2 Nbd7 10. c6 bxc6 11. O-O c5 12. Nb3 Qb6 13. Qc2 Bb7 14. Rac1
Rc8 15. Qf5 O-O 16. Ne5 Nxe5 17. Qxe5 Rfe8 18. Qf4 Re4 19. Qg3 a5 20. Bf3 Ree8
21. Rc2 a4 1/2-1/2

[Event "Karnevalsopen"]
[Site "Solingen"]
[Date "2010.02.14"]
[Round "5"]
[White "Fichtner, Ewald"]
[Black "Fränzel, Marius"]
[Result "1-0"]
[WhiteElo "1956"]
[BlackElo "1694"]
[PlyCount "93"]
[EventDate "2010.02.14"]
[EventType "swiss"]
[EventRounds "5"]
[EventCountry "GER"]

1. d4 d5 2. Bf4 Nf6 3. e3 c6 4. Nf3 Bg4 5. c4 Nbd7 6. Qb3 Bxf3 7. gxf3 Qb6 8.
c5 Qxb3 9. axb3 a6 10. h3 e6 11. b4 Rc8 12. Nd2 Be7 13. Rg1 g6 14. Nb3 Bd8 15.
Kd2 Bc7 16. Bxc7 Rxc7 17. b5 cxb5 18. Bxb5 O-O 19. Bd3 Nb8 20. Na5 Nc6 21. Nxc6
Rxc6 22. b4 b5 23. Ra2 Nd7 24. h4 h5 25. Rga1 Nb8 26. e4 Kg7 27. Kc3 Re8 28.
Re2 Kf8 29. Rae1 Rcc8 30. Bc2 Red8 31. exd5 Rxd5 32. Be4 Rd7 33. Rd2 Rcd8 34.
Red1 f5 35. Bc2 Nc6 36. Bb3 Ke7 37. d5 exd5 38. Rxd5 Rxd5 39. Rxd5 Rxd5 40.
Bxd5 Kd7 41. f4 a5 42. bxa5 b4+ 43. Kc4 b3 44. Kxb3 Nxa5+ 45. Kb4 Nc6+ 46.
Bxc6+ Kxc6 47. Kc4 1-0

[Event "Karnevalsopen"]
[Site "Solingen"]
[Date "2010.02.14"]
[Round "5"]
[White "Krenz, Tomas"]
[Black "Ortleb, Thomas"]
[Result "0-1"]
[WhiteElo "1632"]
[BlackElo "1896"]
[PlyCount "118"]
[EventDate "2010.02.14"]
[EventType "swiss"]
[EventRounds "5"]
[EventCountry "GER"]

1. d4 c6 2. e4 d5 3. e5 c5 4. c3 Nc6 5. Nf3 Bg4 6. Be3 e6 7. Be2 Bxf3 8. Bxf3
cxd4 9. cxd4 Qb6 10. Qd2 Bb4 11. Nc3 Na5 12. Be2 Ne7 13. Bb5+ Nec6 14. Bxc6+
bxc6 15. O-O O-O 16. Rac1 Rfc8 17. Qe2 Rab8 18. b3 a6 19. Na4 Qa7 20. Qg4 Qe7
21. Bg5 Qf8 22. Nc5 Bxc5 23. Rxc5 Nb7 24. Rc3 c5 25. dxc5 Rxc5 26. Rfc1 Rbc8
27. Rxc5 Rxc5 28. Rxc5 Nxc5 29. Be3 Nd7 30. f4 Qc8 31. Qe2 g6 32. b4 Qc3 33.
Qd2 Qc4 34. Kf2 Kf8 35. a4 Nb8 36. Bc5+ Ke8 37. a5 Nc6 38. Qe2 Nxa5 39. Qxc4
Nxc4 40. Ke2 Kd7 41. Kd3 Kc6 42. Ba7 Kb5 43. Kc3 Ka4 44. Bc5 Na3 45. Be7 Nb5+
46. Kd3 Kb3 47. Bc5 Na3 48. Bd6 Nc2 49. g3 Nxb4+ 50. Bxb4 Kxb4 51. g4 a5 52. f5
a4 53. f6 a3 54. Ke3 a2 55. Kf4 h6 56. g5 h5 57. Kg3 a1=Q 58. Kh3 Qg1 59. Kh4
Qg4# 0-1

[Event "Karnevalsopen"]
[Site "Solingen"]
[Date "2010.02.14"]
[Round "5"]
[White "Lasschuit, René"]
[Black "Wastian, Jan"]
[Result "1-0"]
[WhiteElo "1881"]
[BlackElo "1391"]
[PlyCount "45"]
[EventDate "2010.02.14"]
[EventType "swiss"]
[EventRounds "5"]
[EventCountry "GER"]

1. d4 d5 2. Nf3 Nf6 3. g3 e6 4. Bg2 Nbd7 5. O-O c6 6. c4 dxc4 7. Nbd2 b5 8. Qc2
Bb7 9. a4 a6 10. Rd1 Be7 11. Ne5 Qc7 12. Ndf3 O-O 13. Bf4 Qb6 14. Ng5 Rad8 15.
a5 Qa7 16. Bxc6 Ba8 17. Nxd7 Rxd7 18. Bxd7 Qxd7 19. Be5 Qb7 20. Nf3 Nd5 21. Qe4
Qd7 22. Qg4 Bf6 23. e4 1-0

[Event "Karnevalsopen"]
[Site "Solingen"]
[Date "2010.02.14"]
[Round "5"]
[White "Rist, Kurt"]
[Black "Kaplun, David"]
[Result "1-0"]
[WhiteElo "1633"]
[BlackElo "1820"]
[PlyCount "61"]
[EventDate "2010.02.14"]
[EventType "swiss"]
[EventRounds "5"]
[EventCountry "GER"]

1. e4 c5 2. Nf3 e6 3. d4 cxd4 4. Nxd4 a6 5. h3 Nf6 6. Nc3 d6 7. g4 h6 8. Bg2
Nbd7 9. O-O Be7 10. f4 Rb8 11. Re1 Qc7 12. Kh1 b5 13. Nd5 exd5 14. exd5 Nb6 15.
Nc6 Nbxd5 16. Bxd5 Nxd5 17. Nxb8 Qxb8 18. Kh2 Bb7 19. c4 bxc4 20. Qa4+ Kd8 21.
Bd2 c3 22. bxc3 Bf6 23. Rab1 Qa7 24. Re2 g5 25. Rbe1 Nc7 26. Be3 Qb8 27. Bb6
Kc8 28. Re8+ Rxe8 29. Rxe8+ Bd8 30. Qa5 Nxe8 31. Qf5# 1-0

[Event "Karnevalsopen"]
[Site "Solingen"]
[Date "2010.02.14"]
[Round "5"]
[White "Rosenauer, Horst"]
[Black "Bashylin, Seva"]
[Result "1-0"]
[WhiteElo "1789"]
[BlackElo "1704"]
[PlyCount "118"]
[EventDate "2010.02.14"]
[EventType "swiss"]
[EventRounds "5"]
[EventCountry "GER"]

1. e4 e6 2. d4 d5 3. e5 b6 4. c3 Qd7 5. Bd3 Ba6 6. Bc2 Ne7 7. b4 Nf5 8. a4 Be7
9. Nf3 O-O 10. h4 h5 11. Ba3 c5 12. b5 Bb7 13. Ng5 g6 14. f4 Ne3 15. Qe2 Nxc2+
16. Qxc2 a6 17. g4 hxg4 18. h5 Bxg5 19. fxg5 Kg7 20. h6+ Kh7 21. Qf2 Qe7 22.
Qf4 axb5 23. axb5 Qe8 24. Qf6 Rg8 25. O-O Nd7 26. Qxf7+ Kh8 27. Ra2 Bc8 28.
Raf2 Ra5 29. Qxe8 Rxe8 30. Rf7 Rxb5 31. Nd2 Ra5 32. Bc1 Ra8 33. Kg2 cxd4 34.
cxd4 b5 35. Kg3 b4 36. Kxg4 Ba6 37. R1f2 Nf8 38. Nb3 Bd3 39. Nc5 Bf5+ 40. Kg3
Reb8 41. Rb2 Ra3+ 42. Kf2 Rc3 43. Bd2 Rc4 44. Ke3 Nh7 45. Nd7 Ra8 46. Bxb4 Nxg5
47. Re7 Be4 48. Nf6 Rb8 49. Kf4 Rc1 50. Kxg5 Rg1+ 51. Kf4 g5+ 52. Ke3 Rg3+ 53.
Kd2 Rg2+ 54. Kd1 Rg1+ 55. Be1 Bf3+ 56. Kc2 Rg2+ 57. Bd2 Rc8+ 58. Kb3 Ra8 59.
Kb4 Rb8+ 1-0

[Event "Karnevalsopen"]
[Site "Solingen"]
[Date "2010.02.14"]
[Round "5"]
[White "Tanz, Manfred"]
[Black "Porstmann, Jan"]
[Result "0-1"]
[WhiteElo "1383"]
[BlackElo "1562"]
[PlyCount "98"]
[EventDate "2010.02.14"]
[EventType "swiss"]
[EventRounds "5"]
[EventCountry "GER"]

1. d4 d5 2. Nf3 Nf6 3. g3 e6 4. Bg2 Bd6 5. O-O Nbd7 6. b3 b6 7. Bb2 O-O 8. Re1
Bb7 9. Nbd2 Re8 10. c4 Rc8 11. Qc2 c5 12. Ne5 Qc7 13. Ndf3 cxd4 14. Bxd4 Nxe5
15. Nxe5 Bxe5 16. Bxe5 Qxe5 17. Rac1 Qh5 18. f3 Ba6 19. Qd3 dxc4 20. bxc4 Qc5+
21. Kh1 Bxc4 22. Qd2 Qd5 23. Qc3 Ba6 24. Qb2 Rxc1 25. Rxc1 Rc8 26. Re1 Bb7 27.
e4 Qc5 28. Rd1 h6 29. g4 Qc2 30. Rd8+ Kh7 31. Qd4 Qc1+ 32. Qd1 Qxd1+ 33. Rxd1
Rc2 34. a3 Ra2 35. h4 g5 36. hxg5 hxg5 37. e5 Nd5 38. Bh3 Rxa3 39. Rf1 Nf4 40.
Bg2 Ra2 41. Rg1 Rxg2 42. Rf1 Rg3 43. Kh2 Rh3+ 44. Kg1 Rxf3 45. Rd1 Bd5 46. Kh2
Rh3+ 47. Kg1 Rh1+ 48. Kf2 Rxd1 49. Kg3 a5 0-1